| 000 | 01624nam a22002537a 4500 | ||
|---|---|---|---|
| 005 | 20190814115606.0 | ||
| 008 | 170508b pe||||| |||| 00| 0 spa d | ||
| 040 | _aUTEA | ||
| 041 | _aEs | ||
| 044 | _aPE | ||
| 082 |
_a370.15 _bV28 |
||
| 100 |
_aVergara Cobian, Zoila _eAutor |
||
| 245 |
_aPlanificación y Trabajo Social _cZoila Vergara Cobián |
||
| 250 | _aa edición | ||
| 260 |
_aLima - Perú _bSan Marcos S.A. _c1996 |
||
| 300 |
_a169 páginas. _c14 x 20 cm. |
||
| 505 | _aPropedeutica para la planificación en trabajo social --- Relación entre planificación y programación -- Bases doctrinas de la planificación en el Perú -- Caracterización de la planificación en el Perú actual -- Planificación social y trabajo social -- Características de la planificación social -- La técnica de la planificación aplicada al trabajo social -- Objetivos de la planificación en trabajo social -- Etapas de planificación en trabajo social -- tipos de planes -- ejecución -- El plan de trabajo social -- Programa y acción -- Tipo de programa y acción -- Partes del programa y acción -- El proyecto en trabajo social | ||
| 520 | _aEste libro trata de planificación y trabajo social relación entre planificación y programación que les caracterizan fundamentales de al planificación referirse a ella la denominación indistintamente como programación cual en grupo de dos términos tuvieran igual significado. | ||
| 650 | 0 | _aPLANIFICACIÓN | |
| 650 | 0 | _aTRABAJO | |
| 650 | 0 |
_aSOCIAL _95744 |
|
| 653 |
_aEDUCACIÓN _aPLANIFICACIÓN _aTRABAJO _aSOCIAL |
||
| 942 |
_2ddc _cBK _zCelinda Molina Chirinos |
||
| 999 |
_c940 _d940 |
||